| 000 | 00757cab a2200253 4500 | ||
|---|---|---|---|
| 001 | ABS52782 | ||
| 008 | 090401t1995 xxu||||| |||| 00| 0 eng d | ||
| 035 | _a(Sirsi) u155 | ||
| 041 | _aeng | ||
| 100 | _aTutcher, S. | ||
| 245 | _aGetting to grips with the new rules of the rating game | ||
| 260 | _c1995 | ||
| 350 | _a0 | ||
| 490 |
_aProperty Week _v51(1) 6 April 1995, 29(1) |
||
| 520 | _aOutlines the new rating regulations regarding alterations to the 1990 list after April 1995 and time restrictions on appeals against 1995 rateable values. | ||
| 650 | _aALTERATIONS | ||
| 650 | _aAPPEALS | ||
| 650 | _aBUSINESS RATES | ||
| 650 | _aTIMING | ||
| 650 | _aVALUATION LIST | ||
| 690 | _aRATING AND VALUATION | ||
| 942 | _n0 | ||
| 948 | _c04/03/1997 | ||
| 999 |
_c61 _d61 |
||